• 首页
  • 本馆介绍
  • 公告通知
  • 最新文献
  • 馆藏检索
  • 电子资源
  • 读者导购
  • 参考咨询
  • 我的图书馆
  • 登录
  • 详细信息显示
  • 放入我的书架
  • 预约/预借图书
  • 作者相关作品
  • 分类相关作品
  • 丛书相关作品
  • 出版社相关作品

书目信息

  • 表格格式
  • 工作单格式
  • 卡片格式
题名:
《中国图书馆分类法》(第四版)使用手册
    
 
作者: ;中国图书馆分类法编辑委员会 编
分册:  
出版信息: 北京   北京图书馆出版社  1999
页数: 510页
开本: 22cm
丛书名:
单 册:
中图分类: G254.122
科图分类:
主题词:
电子资源:
ISBN: 7-5013-1623-6
000 00720nam0 2200169 450
001 202410229653843204
005 20241022145536.62
010    @a7-5013-1623-6@dCNY39.00
100    @a20241022d km y0chiy0120 ea
101 0  @achi
200 1  @a《中国图书馆分类法》(第四版)使用手册@A《Zhong Guo Tu Shu Guan Fen Lei Fa》(Di Si Ban)Shi Yong Shou Ce@f中国图书馆分类法编辑委员会编@FZhong Guo Tu Shu Guan Fen Lei Fa Bian Ji Wei Yuan Hui Bian
210    @a北京@c北京图书馆出版社@d1999
215    @a510页@d22cm
690    @aG254.122@v4
711 02 @a中国图书馆分类法编辑委员会@AZhong Guo Tu Shu Guan Fen Lei Fa Bian Ji Wei Yuan Hui@4编
801  0 @aCN@b大连网信软件有限公司图书馆·11@c20241022
905    @aZUCC@b1432097@dG254.122@e197@f1
    
    《中国图书馆分类法》(第四版)使用手册/中国图书馆分类法编辑委员会编.-北京:北京图书馆出版社,1999
    510页;22cm
    
    
    ISBN 7-5013-1623-6:CNY39.00
    
●
相关链接 在E读中查询图书 在五车中查询图书 在当当中查询图书 在豆瓣中查询图书


正题名:《中国图书馆分类法》(第四版)使用手册     索取号:G254.122/197         预约/预借

序号 登录号 条形码 馆藏地/架位号 状态 备注
1 1432097   214320974   密集书库2/ [索取号:G254.122/197] 在馆    
唐山师范学院图书馆 欢迎您!
大连网信软件有限公司© 版权所有